[Event "Madrid ch Veteranos 2021"]
[Site "Madrid ESP"]
[Date "2021.04.06"]
[Round "1.1"]
[White "Elissalt Cardenas, Hector"]
[Black "Martinez Martinez, Javier II"]
[Result "1-0"]
[WhiteElo "2286"]
[BlackElo "1585"]
[PlyCount "77"]
[EventDate "2021.04.06"]
[EventType "swiss"]
[EventRounds "7"]
[EventCountry "ESP"]
[SourceTitle "Ajedrez en Madrid"]
[Source "lmi"]
[SourceDate "2021.04.06"]
[SourceVersion "1"]
[SourceVersionDate "2021.04.18"]
[SourceQuality "1"]

1. d4 Nf6 2. c4 g6 3. Nc3 d5 4. Nf3 Bg7 5. Bg5 c6 6. Bxf6 Bxf6 7. cxd5 cxd5 8.
Qb3 e6 9. h4 Nc6 10. e3 Bd7 11. Bb5 a6 12. Bxc6 Bxc6 13. h5 b5 14. Rc1 Rc8 15.
hxg6 fxg6 16. O-O O-O 17. Ne2 Qd6 18. Nf4 Bd7 19. Nd3 Rxc1 20. Rxc1 Rc8 21.
Rxc8+ Bxc8 22. Qc3 Bd7 23. Nfe5 Be8 24. Qc8 Kf8 25. Nc5 Bxe5 26. dxe5 Qc6 27.
Nxe6+ Ke7 28. Qxc6 Bxc6 29. Nd4 Bd7 30. b4 Kf7 31. f4 Ke7 32. Kh2 Kf7 33. Kg3
Ke7 34. Kh4 h6 35. g4 Be8 36. g5 hxg5+ 37. Kxg5 Kf7 38. e6+ Ke7 39. a3 1-0

[Event "Madrid ch Veteranos 2021"]
[Site "Madrid ESP"]
[Date "2021.04.06"]
[Round "1.2"]
[White "Villodre Miranda, Juan Alonso"]
[Black "Barez Menendez, Hector"]
[Result "0-1"]
[WhiteElo "1572"]
[BlackElo "2103"]
[PlyCount "76"]
[EventDate "2021.04.06"]
[EventType "swiss"]
[EventRounds "7"]
[EventCountry "ESP"]
[SourceTitle "Ajedrez en Madrid"]
[Source "lmi"]
[SourceDate "2021.04.06"]
[SourceVersion "1"]
[SourceVersionDate "2021.04.18"]
[SourceQuality "1"]

1. c4 e6 2. g3 d5 3. cxd5 exd5 4. d4 Nf6 5. Bg2 c6 6. Nc3 Be7 7. h3 O-O 8. e3
Nbd7 9. Nge2 Re8 10. O-O Nf8 11. Kh2 Ng6 12. f3 b5 13. a3 a5 14. Bd2 Ba6 15. e4
b4 16. axb4 axb4 17. Na2 dxe4 18. fxe4 Bxe2 19. Qxe2 Qxd4 20. Be3 Qe5 21. Bf4
Qe6 22. b3 Ra3 23. e5 Rea8 24. Rf2 Nd5 25. Bxd5 cxd5 26. Rf3 Qa6 27. Qxa6 R8xa6
28. Rf2 f6 29. exf6 Bxf6 30. Nxb4 Rxa1 31. Nxa6 Rxa6 32. b4 Nxf4 33. Rxf4 Ra2+
34. Kg1 Rb2 35. Kf1 d4 36. Ke1 Rxb4 37. g4 h6 38. Ke2 Bg5 0-1

[Event "Madrid ch Veteranos 2021"]
[Site "Madrid ESP"]
[Date "2021.04.06"]
[Round "1.3"]
[White "Gonzalez Rivera, Eduardo"]
[Black "Ghavami, Mahmoud"]
[Result "1-0"]
[WhiteElo "2017"]
[BlackElo "1552"]
[PlyCount "41"]
[EventDate "2021.04.06"]
[EventType "swiss"]
[EventRounds "7"]
[EventCountry "ESP"]
[SourceTitle "Ajedrez en Madrid"]
[Source "lmi"]
[SourceDate "2021.04.06"]
[SourceVersion "1"]
[SourceVersionDate "2021.04.18"]
[SourceQuality "1"]

1. e4 d5 2. exd5 Nf6 3. d4 Bg4 4. Nf3 Nxd5 5. Be2 e6 6. h3 Bh5 7. O-O Be7 8. c4
Nf6 9. Nc3 c6 10. Bf4 O-O 11. Qb3 Qb6 12. Qxb6 axb6 13. Bc7 Nbd7 14. g4 Bg6 15.
Ne5 Nxe5 16. dxe5 Ne4 17. Nxe4 Bxe4 18. Bxb6 c5 19. a4 Bd8 20. Bxc5 Bc7 21.
Bxf8 1-0

[Event "Madrid ch Veteranos 2021"]
[Site "Madrid ESP"]
[Date "2021.04.06"]
[Round "1.4"]
[White "Martinez Miura, Enrique"]
[Black "Cabañas Bravo, Juan Andres"]
[Result "1-0"]
[WhiteElo "1547"]
[BlackElo "1971"]
[PlyCount "69"]
[EventDate "2021.04.06"]
[EventType "swiss"]
[EventRounds "7"]
[EventCountry "ESP"]
[SourceTitle "Ajedrez en Madrid"]
[Source "lmi"]
[SourceDate "2021.04.06"]
[SourceVersion "1"]
[SourceVersionDate "2021.04.18"]
[SourceQuality "1"]

1. e4 e5 2. Nf3 Nc6 3. Bb5 Qf6 4. O-O Bc5 5. Bxc6 dxc6 6. h3 h5 7. d3 Ne7 8.
Be3 Bd6 9. d4 Ng6 10. Bg5 Qe6 11. d5 cxd5 12. exd5 Qf5 13. Nc3 f6 14. Be3 e4
15. Nd4 Qe5 16. f4 exf3 17. Qxf3 Qh2+ 18. Kf2 Ne5 19. Qe4 O-O 20. Rh1 f5 21.
Qh4 Ng4+ 22. hxg4 fxg4+ 23. Ke2 Qxg2+ 24. Kd3 b6 25. Qxh5 Ba6+ 26. Ncb5 c5 27.
dxc6 Bxb5+ 28. Nxb5 Rad8 29. Qh8+ Kf7 30. Raf1+ Ke8 31. Qh5+ Ke7 32. Bg5+ Rf6
33. Bxf6+ gxf6 34. Qh7+ Ke6 35. Qf5+ 1-0

[Event "Madrid ch Veteranos 2021"]
[Site "Madrid ESP"]
[Date "2021.04.06"]
[Round "1.5"]
[White "Luque Ibañes, Manuel"]
[Black "Salgado Duarte, Pablo"]
[Result "1-0"]
[WhiteElo "1949"]
[BlackElo "1472"]
[PlyCount "47"]
[EventDate "2021.04.06"]
[EventType "swiss"]
[EventRounds "7"]
[EventCountry "ESP"]
[SourceTitle "Ajedrez en Madrid"]
[Source "lmi"]
[SourceDate "2021.04.06"]
[SourceVersion "1"]
[SourceVersionDate "2021.04.18"]
[SourceQuality "1"]

1. e4 e5 2. Nf3 d6 3. d4 exd4 4. Nxd4 Nf6 5. Nc3 Bd7 6. Be2 Be7 7. Be3 Nc6 8.
f3 a6 9. g4 h6 10. h4 Nh7 11. Bf2 Nxd4 12. Qxd4 Bf6 13. Qd2 Bc6 14. O-O-O g5
15. Nd5 gxh4 16. Nxf6+ Qxf6 17. Bd4 Qe6 18. Bxh8 Qxa2 19. Qb4 O-O-O 20. Bc4 Qa4
21. Qxa4 Bxa4 22. Rxh4 Rxh8 23. Rxh6 Bd7 24. Rdh1 1-0

[Event "Madrid ch Veteranos 2021"]
[Site "Madrid ESP"]
[Date "2021.04.06"]
[Round "1.6"]
[White "Ramos Antona, Enrique"]
[Black "Marin Lopez, Jeronimo"]
[Result "0-1"]
[WhiteElo "1471"]
[BlackElo "1899"]
[PlyCount "132"]
[EventDate "2021.04.06"]
[EventType "swiss"]
[EventRounds "7"]
[EventCountry "ESP"]
[SourceTitle "Ajedrez en Madrid"]
[Source "lmi"]
[SourceDate "2021.04.06"]
[SourceVersion "1"]
[SourceVersionDate "2021.04.18"]
[SourceQuality "1"]

1. Nf3 d6 2. g3 g6 3. Bg2 Bg7 4. d4 Nf6 5. O-O O-O 6. c4 Nbd7 7. Nc3 c6 8. Re1
Qc7 9. e4 e5 10. h3 exd4 11. Nxd4 Ne5 12. b3 a6 13. Bb2 h5 14. Nf3 Nxf3+ 15.
Qxf3 Nh7 16. Nd1 Ng5 17. Qe3 Nxh3+ 18. Kh2 Nxf2 19. Qxf2 f6 20. Ne3 Be6 21.
Rad1 Rf7 22. Ba3 Rd8 23. c5 Qa5 24. Bc1 Qxc5 25. Qc2 Qxc2 26. Nxc2 Bg4 27. Rd3
f5 28. Ne3 Be5 29. exf5 Bxf5 30. Nxf5 Rxf5 31. Rf1 Rdf8 32. Rxf5 Rxf5 33. Kg1
Kg7 34. Be4 Rf7 35. Kg2 b5 36. Ba3 c5 37. Bc1 c4 38. Rf3 Rc7 39. Bf4 a5 40.
Bxe5+ dxe5 41. Bc2 c3 42. Kf2 b4 43. Ke3 Rd7 44. Rf2 Rd4 45. Be4 Rd1 46. Re2
Kf6 47. Bc2 Rg1 48. Kf3 g5 49. Rh2 g4+ 50. Kf2 Ra1 51. Ke3 Rxa2 52. Kd3 a4 53.
bxa4 b3 54. Kxc3 bxc2 55. Rxc2 Rxa4 56. Rh2 Kg5 57. Re2 Ra3+ 58. Kc4 Rxg3 59.
Rxe5+ Kh4 60. Kd4 Rf3 61. Ke4 Rf1 62. Kd3 g3 63. Re4+ Kh3 64. Re3 h4 65. Ke2
Rf2+ 66. Ke1 Kg2 0-1

[Event "Madrid ch Veteranos 2021"]
[Site "Madrid ESP"]
[Date "2021.04.06"]
[Round "1.7"]
[White "Garcia Martin, Esteban"]
[Black "Menendez Domens, Juan Manuel"]
[Result "1-0"]
[WhiteElo "1891"]
[BlackElo "1467"]
[PlyCount "81"]
[EventDate "2021.04.06"]
[EventType "swiss"]
[EventRounds "7"]
[EventCountry "ESP"]
[SourceTitle "Ajedrez en Madrid"]
[Source "lmi"]
[SourceDate "2021.04.06"]
[SourceVersion "1"]
[SourceVersionDate "2021.04.18"]
[SourceQuality "1"]

1. c4 c5 2. Nc3 b6 3. e4 e5 4. g3 Bb7 5. Bg2 g6 6. d3 Bg7 7. Nge2 Nc6 8. O-O
Nge7 9. f4 Nd4 10. Nxd4 exd4 11. Nd5 O-O 12. g4 Nxd5 13. cxd5 d6 14. b3 a5 15.
Bd2 Ba6 16. Be1 Qd7 17. Bg3 Rae8 18. Re1 Qb5 19. Bf1 Qd7 20. Qf3 Bc8 21. h3 f5
22. gxf5 gxf5 23. Bg2 fxe4 24. dxe4 Ba6 25. Bf1 Bxf1 26. Qxf1 Be5 27. Kh2 h5
28. Qg2 Bg7 29. e5 dxe5 30. fxe5 Kh7 31. e6 Qb7 32. Qe4+ Kg8 33. Rg1 Qe7 34.
Be5 Rf2+ 35. Kh1 Kh8 36. Bxg7+ Qxg7 37. Rxg7 Kxg7 38. Rg1+ Kf8 39. d6 d3 40.
e7+ Kf7 41. Qg6# 1-0

[Event "Madrid ch Veteranos 2021"]
[Site "Madrid ESP"]
[Date "2021.04.06"]
[Round "1.8"]
[White "Peñas Merino, Ramona"]
[Black "Vukotic Jovsic, Dragan"]
[Result "1-0"]
[WhiteElo "1434"]
[BlackElo "1873"]
[PlyCount "115"]
[EventDate "2021.04.06"]
[EventType "swiss"]
[EventRounds "7"]
[EventCountry "ESP"]
[SourceTitle "Ajedrez en Madrid"]
[Source "lmi"]
[SourceDate "2021.04.06"]
[SourceVersion "1"]
[SourceVersionDate "2021.04.18"]
[SourceQuality "1"]

1. d4 d5 2. Bf4 Nf6 3. e3 e6 4. Nd2 Bd6 5. Bg3 O-O 6. Ngf3 c5 7. c3 Nc6 8. Bd3
b6 9. O-O Qc7 10. Bxd6 Qxd6 11. h3 Re8 12. Re1 e5 13. dxe5 Nxe5 14. Nxe5 Rxe5
15. Nf3 Re8 16. Rc1 Bb7 17. Be2 a6 18. Qc2 Rad8 19. Red1 Qe7 20. Rd2 Rc8 21. b3
d4 22. exd4 Ne4 23. Rdd1 Nxc3 24. Qxc3 Qxe2 25. Re1 Qb5 26. Rxe8+ Qxe8 27. Re1
Qd7 28. dxc5 bxc5 29. Qe3 h6 30. Nd2 Qd5 31. f3 a5 32. Nc4 Ra8 33. Nb6 Qc6 34.
Nxa8 Bxa8 35. Qe8+ Kh7 36. Qxc6 Bxc6 37. Rc1 a4 38. Rxc5 Be8 39. Ra5 axb3 40.
axb3 Kg6 41. b4 Kf6 42. Kf2 Ke6 43. Ke3 Kd6 44. g3 Bd7 45. h4 g6 46. f4 Kc6 47.
Kd4 Bg4 48. Rc5+ Kb6 49. Kd5 Be6+ 50. Kd6 Bg4 51. Rc7 Be6 52. Re7 Bb3 53. Ke5
Kb5 54. Rb7+ Kc6 55. Rb8 Kc7 56. Ra8 Kc6 57. Ra5 Bc4 58. Rc5+ 1-0

[Event "Madrid ch Veteranos 2021"]
[Site "Madrid ESP"]
[Date "2021.04.06"]
[Round "1.9"]
[White "Fiz Criado, Fidel"]
[Black "Martin Garcia, Francisco Javier"]
[Result "1-0"]
[WhiteElo "1863"]
[BlackElo "1428"]
[PlyCount "97"]
[EventDate "2021.04.06"]
[EventType "swiss"]
[EventRounds "7"]
[EventCountry "ESP"]
[SourceTitle "Ajedrez en Madrid"]
[Source "lmi"]
[SourceDate "2021.04.06"]
[SourceVersion "1"]
[SourceVersionDate "2021.04.18"]
[SourceQuality "1"]

1. e4 c5 2. d4 cxd4 3. c3 dxc3 4. Nxc3 Nc6 5. Nf3 d6 6. Bc4 e6 7. O-O Be7 8.
Qe2 Nf6 9. Rd1 O-O 10. e5 Ne8 11. exd6 Bxd6 12. Bf4 Qe7 13. Bxd6 Nxd6 14. Bb3
Re8 15. Rac1 a6 16. Bc2 b5 17. a3 Bb7 18. h4 h6 19. g4 Na5 20. Qd3 g6 21. h5
Qf6 22. Nh2 Ndc4 23. Ne4 Qg7 24. Re1 Rad8 25. Qc3 Qxc3 26. bxc3 Bxe4 27. Bxe4
Kg7 28. hxg6 fxg6 29. Rcd1 Kf6 30. Nf3 Nxa3 31. Nd4 N3c4 32. f4 Rd6 33. Nf3
Red8 34. Ra1 Nb3 35. Ra2 Nbd2 36. Nd4 Nxe4 37. Rxe4 Rc8 38. Rh2 e5 39. fxe5+
Nxe5 40. Rf2+ Kg7 41. Rxe5 Rxc3 42. Re7+ Kg8 43. Ne6 Rxe6 44. Rxe6 Ra3 45.
Rxg6+ Kh7 46. Rb6 Rg3+ 47. Rg2 Ra3 48. g5 h5 49. g6+ 1-0

[Event "Madrid ch Veteranos 2021"]
[Site "Madrid ESP"]
[Date "2021.04.06"]
[Round "1.11"]
[White "Barahona Torrijos, Angel"]
[Black "Carrillo Castano, Javier"]
[Result "1-0"]
[WhiteElo "1817"]
[BlackElo "1392"]
[PlyCount "43"]
[EventDate "2021.04.06"]
[EventType "swiss"]
[EventRounds "7"]
[EventCountry "ESP"]
[SourceTitle "Ajedrez en Madrid"]
[Source "lmi"]
[SourceDate "2021.04.06"]
[SourceVersion "1"]
[SourceVersionDate "2021.04.18"]
[SourceQuality "1"]

1. e4 c6 2. Nc3 d5 3. Qf3 dxe4 4. Nxe4 Nd7 5. d4 Ngf6 6. Bc4 e6 7. Bg5 Qa5+ 8.
Bd2 Qb6 9. Nxf6+ Nxf6 10. O-O-O Qxd4 11. Bc3 Qh4 12. g3 Qg5+ 13. Kb1 Be7 14.
Nh3 Qc5 15. Bb3 Bd7 16. Rhe1 h6 17. Nf4 Qf5 18. Re5 Qg4 19. Qd3 Nd5 20. Bxd5
exd5 21. f3 Bf5 22. Rxf5 1-0

[Event "Madrid ch Veteranos 2021"]
[Site "Madrid ESP"]
[Date "2021.04.06"]
[Round "1.12"]
[White "Suarez Mencia, Roberto"]
[Black "Fernandez Garcia, Ignacio"]
[Result "0-1"]
[WhiteElo "1364"]
[BlackElo "1801"]
[PlyCount "44"]
[EventDate "2021.04.06"]
[EventType "swiss"]
[EventRounds "7"]
[EventCountry "ESP"]
[SourceTitle "Ajedrez en Madrid"]
[Source "lmi"]
[SourceDate "2021.04.06"]
[SourceVersion "1"]
[SourceVersionDate "2021.04.18"]
[SourceQuality "1"]

1. c4 e5 2. g3 f5 3. Bg2 Nf6 4. e3 c6 5. Ne2 Be7 6. Nbc3 Na6 7. a3 O-O 8. O-O
Nc7 9. d4 e4 10. Nf4 d5 11. c5 Qe8 12. b4 g5 13. Nh3 Ne6 14. f4 Qg6 15. fxg5
Nxg5 16. Nxg5 Qxg5 17. h4 Qxg3 18. Ne2 Qxh4 19. Rf4 Ng4 20. Bd2 Bg5 21. Be1
Qh2+ 22. Kf1 Nxe3+ 0-1

[Event "Madrid ch Veteranos 2021"]
[Site "Madrid ESP"]
[Date "2021.04.06"]
[Round "1.13"]
[White "Pashov, Spas Nikolov"]
[Black "Perales Hernandez, Manuel"]
[Result "0-1"]
[WhiteElo "1777"]
[BlackElo "1337"]
[PlyCount "102"]
[EventDate "2021.04.06"]
[EventType "swiss"]
[EventRounds "7"]
[EventCountry "ESP"]
[SourceTitle "Ajedrez en Madrid"]
[Source "lmi"]
[SourceDate "2021.04.06"]
[SourceVersion "1"]
[SourceVersionDate "2021.04.18"]
[SourceQuality "1"]

1. e4 e5 2. Nf3 Nc6 3. c3 a6 4. d4 exd4 5. cxd4 Nf6 6. d5 Na7 7. Nc3 Bb4 8. e5
Ne4 9. Qd4 Bxc3+ 10. bxc3 f5 11. a4 Qe7 12. Ba3 d6 13. Bd3 c5 14. dxc6 Nxc6 15.
exd6 Nxd6+ 16. Qe3 Qxe3+ 17. fxe3 Nf7 18. Nd4 Nce5 19. Bxf5 Bxf5 20. Nxf5 Rg8
21. Rb1 O-O-O 22. Ne7+ Kc7 23. Nxg8 Rxg8 24. Bc5 Nd3+ 25. Ke2 Nxc5 26. Rhf1 Nd6
27. Rb4 Kc6 28. Rff4 Re8 29. h4 Re4 30. h5 Rxb4 31. Rxb4 Nce4 32. Kd3 Ng3 33.
Rh4 h6 34. Rh3 Nge4 35. Rh4 Nc5+ 36. Kd2 Kb6 37. Rd4 Nb3+ 38. Kd3 Nxd4 39. cxd4
Nf5 40. g4 Nd6 41. e4 Ka5 42. e5 Ne8 43. d5 Kb6 44. Kc4 Kc7 45. a5 b6 46. d6+
Nxd6+ 47. exd6+ Kxd6 48. axb6 Kc6 49. b7 Kxb7 50. Kc5 Kc7 51. Kc4 Kd6 0-1

[Event "Madrid ch Veteranos 2021"]
[Site "Madrid ESP"]
[Date "2021.04.06"]
[Round "1.14"]
[White "Plaza Plaza, Prudencio"]
[Black "Garcia Sanz, Eduardo"]
[Result "0-1"]
[WhiteElo "1265"]
[BlackElo "1777"]
[PlyCount "60"]
[EventDate "2021.04.06"]
[EventType "swiss"]
[EventRounds "7"]
[EventCountry "ESP"]
[SourceTitle "Ajedrez en Madrid"]
[Source "lmi"]
[SourceDate "2021.04.06"]
[SourceVersion "1"]
[SourceVersionDate "2021.04.18"]
[SourceQuality "1"]

1. d4 d5 2. Bf4 e6 3. e3 Bd6 4. Bg3 b6 5. Nf3 Ne7 6. Bd3 Ba6 7. Bxa6 Nxa6 8. c3
c6 9. Nbd2 Nc7 10. Bxd6 Qxd6 11. O-O f6 12. e4 dxe4 13. Nxe4 Qd5 14. Qe2 Ng6
15. g3 O-O 16. Rfe1 Rae8 17. Nfd2 b5 18. Nc5 e5 19. Qd3 f5 20. c4 Qxd4 21. Qxd4
exd4 22. cxb5 cxb5 23. f4 Nd5 24. Kf2 Rc8 25. Ne6 Rc2 26. Re2 d3 27. Nxf8 Kxf8
28. Rb1 Nf6 29. Ke1 dxe2 30. Kxe2 Ne4 0-1

[Event "Madrid ch Veteranos 2021"]
[Site "Madrid ESP"]
[Date "2021.04.06"]
[Round "1.15"]
[White "Perez Pascual, Arturo"]
[Black "Millan Tabuenca, Agustin"]
[Result "1-0"]
[WhiteElo "1742"]
[BlackElo "1136"]
[PlyCount "41"]
[EventDate "2021.04.06"]
[EventType "swiss"]
[EventRounds "7"]
[EventCountry "ESP"]
[SourceTitle "Ajedrez en Madrid"]
[Source "lmi"]
[SourceDate "2021.04.06"]
[SourceVersion "1"]
[SourceVersionDate "2021.04.18"]
[SourceQuality "1"]

1. e4 c5 2. Nf3 g6 3. d4 cxd4 4. Nxd4 Bg7 5. Nc3 e6 6. Ndb5 Bxc3+ 7. bxc3 d5 8.
exd5 a6 9. Nd4 Qxd5 10. c4 Qe4+ 11. Be3 f5 12. Nf3 f4 13. Qd4 Nf6 14. Qxf6 Rf8
15. Qd4 Qxc2 16. Bd3 Qa4 17. Bxf4 Nc6 18. Qe3 Qb4+ 19. Nd2 Qc3 20. Bxg6+ hxg6
21. Qxc3 1-0

[Event "Madrid ch Veteranos 2021"]
[Site "Madrid ESP"]
[Date "2021.04.06"]
[Round "1.16"]
[White "Garcia Granja, Jose"]
[Black "De Luna Butz, Alberto"]
[Result "0-1"]
[WhiteElo "1041"]
[BlackElo "1689"]
[PlyCount "48"]
[EventDate "2021.04.06"]
[EventType "swiss"]
[EventRounds "7"]
[EventCountry "ESP"]
[SourceTitle "Ajedrez en Madrid"]
[Source "lmi"]
[SourceDate "2021.04.06"]
[SourceVersion "1"]
[SourceVersionDate "2021.04.18"]
[SourceQuality "1"]

1. c4 e6 2. d3 d5 3. cxd5 exd5 4. Nf3 Nf6 5. g3 g6 6. Bg2 Bg7 7. O-O O-O 8.
Nbd2 Re8 9. Rb1 Bg4 10. h3 Be6 11. Nb3 Nc6 12. a3 Qe7 13. Re1 Rad8 14. Be3 Bc8
15. Bc5 Qd7 16. Qc2 b6 17. Bb4 Nxb4 18. axb4 Bb7 19. Rbc1 c6 20. Nfd2 Qd6 21.
e4 dxe4 22. Nxe4 Nxe4 23. Bxe4 Qxb4 24. Rb1 f5 0-1

[Event "Madrid ch Veteranos 2021"]
[Site "Madrid ESP"]
[Date "2021.04.07"]
[Round "2.1"]
[White "Fernandez Garcia, Ignacio"]
[Black "Elissalt Cardenas, Hector"]
[Result "1/2-1/2"]
[WhiteElo "1801"]
[BlackElo "2286"]
[PlyCount "69"]
[EventDate "2021.04.06"]
[EventType "swiss"]
[EventRounds "7"]
[EventCountry "ESP"]
[SourceTitle "Ajedrez en Madrid"]
[Source "lmi"]
[SourceDate "2021.04.06"]
[SourceVersion "1"]
[SourceVersionDate "2021.04.18"]
[SourceQuality "1"]

1. e4 d6 2. d4 Nf6 3. f3 e5 4. d5 Be7 5. Nc3 O-O 6. g4 Ne8 7. Nge2 Bg5 8. Bxg5
Qxg5 9. h4 Qe3 10. Qd3 Qxd3 11. cxd3 c5 12. dxc6 bxc6 13. d4 Nd7 14. d5 c5 15.
Ng3 Rb8 16. b3 g6 17. Kd2 Nb6 18. Rc1 Bd7 19. Ke3 Nc7 20. h5 Kg7 21. hxg6 hxg6
22. Rc2 Rh8 23. Rch2 Rxh2 24. Rxh2 f6 25. Be2 a5 26. Nf1 Ra8 27. a4 Rb8 28. Nd2
Nc8 29. Bc4 Ne7 30. Rh1 Nc8 31. Be2 Nb6 32. Nc4 Nxc4+ 33. Bxc4 Rb6 34. Kd2 Rb8
35. Rh2 1/2-1/2

[Event "Madrid ch Veteranos 2021"]
[Site "Madrid ESP"]
[Date "2021.04.07"]
[Round "2.2"]
[White "Barez Menendez, Hector"]
[Black "Barahona Torrijos, Angel"]
[Result "1-0"]
[WhiteElo "2103"]
[BlackElo "1817"]
[PlyCount "65"]
[EventDate "2021.04.06"]
[EventType "swiss"]
[EventRounds "7"]
[EventCountry "ESP"]
[SourceTitle "Ajedrez en Madrid"]
[Source "lmi"]
[SourceDate "2021.04.06"]
[SourceVersion "1"]
[SourceVersionDate "2021.04.18"]
[SourceQuality "1"]

1. d4 Nf6 2. Nf3 d5 3. c4 e6 4. Nc3 Bb4 5. Qa4+ Nc6 6. Ne5 Bd7 7. Nxd7 Qxd7 8.
a3 Bxc3+ 9. bxc3 O-O 10. e3 a6 11. Qc2 dxc4 12. Bxc4 b5 13. Be2 e5 14. O-O Rfe8
15. Bb2 e4 16. c4 Na5 17. c5 Nd5 18. Bc1 c6 19. Bd2 Nb7 20. a4 Nc7 21. axb5
axb5 22. Rxa8 Rxa8 23. f3 Qe6 24. fxe4 Ra2 25. Qd3 Na5 26. Bxa5 Rxa5 27. Bf3 b4
28. d5 Qd7 29. Qc4 Na6 30. dxc6 Qxc6 31. Bh5 h6 32. Qxf7+ Kh7 33. Qf5+ 1-0

[Event "Madrid ch Veteranos 2021"]
[Site "Madrid ESP"]
[Date "2021.04.07"]
[Round "2.3"]
[White "Garcia Sanz, Eduardo"]
[Black "Gonzalez Rivera, Eduardo"]
[Result "0-1"]
[WhiteElo "1777"]
[BlackElo "2017"]
[PlyCount "74"]
[EventDate "2021.04.06"]
[EventType "swiss"]
[EventRounds "7"]
[EventCountry "ESP"]
[SourceTitle "Ajedrez en Madrid"]
[Source "lmi"]
[SourceDate "2021.04.06"]
[SourceVersion "1"]
[SourceVersionDate "2021.04.18"]
[SourceQuality "1"]

1. c4 e5 2. d3 Nf6 3. Nf3 Nc6 4. a3 d5 5. cxd5 Nxd5 6. b4 a6 7. Bb2 Bd6 8. Nbd2
O-O 9. g3 f5 10. Bg2 Be6 11. e4 Nb6 12. exf5 Bxf5 13. Qb3+ Kh8 14. O-O Qd7 15.
Rfe1 Rae8 16. Ne4 Bg4 17. Nxd6 Qxd6 18. Ng5 Qf6 19. f4 Nd7 20. Rac1 h6 21. Ne4
Qg6 22. Rxc6 bxc6 23. Nf2 exf4 24. Rxe8 Rxe8 25. Ne4 fxg3 26. hxg3 Bf5 27. Qc3
Bxe4 28. dxe4 Ne5 29. a4 Qd6 30. Bf1 Re7 31. Bc1 Qd1 32. Bf4 Nf3+ 33. Kf2 Ng5
34. Bxg5 hxg5 35. Bxa6 Rf7+ 36. Kg2 Rd7 37. Kh3 Rd2 0-1

[Event "Madrid ch Veteranos 2021"]
[Site "Madrid ESP"]
[Date "2021.04.07"]
[Round "2.4"]
[White "De Luna Butz, Alberto"]
[Black "Luque Ibañes, Manuel"]
[Result "1/2-1/2"]
[WhiteElo "1689"]
[BlackElo "1949"]
[PlyCount "81"]
[EventDate "2021.04.06"]
[EventType "swiss"]
[EventRounds "7"]
[EventCountry "ESP"]
[SourceTitle "Ajedrez en Madrid"]
[Source "lmi"]
[SourceDate "2021.04.06"]
[SourceVersion "1"]
[SourceVersionDate "2021.04.18"]
[SourceQuality "1"]

1. Nf3 Nf6 2. c4 g6 3. b4 Bg7 4. Bb2 O-O 5. g3 d6 6. Bg2 c6 7. O-O e5 8. d3 Re8
9. Qb3 h6 10. Nc3 d5 11. c5 Be6 12. Qc2 Nfd7 13. e4 Na6 14. a3 d4 15. Ne2 Nc7
16. Nd2 a5 17. Nc4 axb4 18. axb4 Rxa1 19. Rxa1 Nb5 20. f4 exf4 21. Nxf4 Ne5 22.
Nxe6 Rxe6 23. Bc1 Nxc4 24. Qxc4 Nc3 25. Bd2 Rf6 26. Rf1 Rxf1+ 27. Bxf1 Qf6 28.
Kg2 Nd1 29. Bf4 Ne3+ 30. Bxe3 dxe3 31. Qc2 Qc3 32. Qxc3 Bxc3 33. Kf3 Bxb4 34.
Kxe3 Bxc5+ 35. d4 Ba7 36. Bc4 Kf8 37. e5 Ke7 38. Ke4 f5+ 39. exf6+ Kxf6 40. d5
cxd5+ 41. Bxd5 1/2-1/2

[Event "Madrid ch Veteranos 2021"]
[Site "Madrid ESP"]
[Date "2021.04.07"]
[Round "2.5"]
[White "Marin Lopez, Jeronimo"]
[Black "Perez Pascual, Arturo"]
[Result "1-0"]
[WhiteElo "1899"]
[BlackElo "1742"]
[PlyCount "136"]
[EventDate "2021.04.06"]
[EventType "swiss"]
[EventRounds "7"]
[EventCountry "ESP"]
[SourceTitle "Ajedrez en Madrid"]
[Source "lmi"]
[SourceDate "2021.04.06"]
[SourceVersion "1"]
[SourceVersionDate "2021.04.18"]
[SourceQuality "1"]

1. e4 e5 2. Nf3 Nf6 3. Nxe5 d6 4. Nf3 Nxe4 5. d4 d5 6. Bd3 Bd6 7. O-O O-O 8. c4
c6 9. h3 Nd7 10. cxd5 cxd5 11. Nc3 Nxc3 12. bxc3 h6 13. Rb1 Re8 14. Be3 Nf6 15.
Re1 b6 16. Rb2 Qc7 17. Rc2 Be6 18. Ne5 Nd7 19. c4 Qb7 20. Nxd7 Qxd7 21. c5 bxc5
22. dxc5 Bc7 23. Qh5 f5 24. Bxh6 Bf7 25. Rxe8+ Rxe8 26. Qg5 Re1+ 27. Bf1 Be6
28. Qg6 Be5 29. Bd2 Bf7 30. Qa6 Rb1 31. Qd3 g6 32. g3 d4 33. f4 Bf6 34. c6 Qc8
35. c7 Bd5 36. Rc5 Bxa2 37. Qxb1 Bxb1 38. Ba6 Qxa6 39. c8=Q+ Qxc8 40. Rxc8+ Kf7
41. Rc7+ Ke6 42. Rxa7 d3 43. Ra6+ Kf7 44. Kf2 Bd4+ 45. Kf3 Bc2 46. Rd6 Bc5 47.
Rd5 Bb6 48. g4 Ke6 49. Rb5 Bd1+ 50. Kg3 Bd4 51. gxf5+ gxf5 52. h4 Be2 53. Rb8
Kf7 54. Rd8 Bb2 55. Rd7+ Kg6 56. Rd6+ Kh7 57. h5 Ba3 58. Rd7+ Kh6 59. Rd5 Kxh5
60. Rxf5+ Kg6 61. Rd5 Kf6 62. f5 Bb2 63. Kf4 Ba3 64. Bc3+ Kf7 65. Ke5 Be7 66.
Rd7 Ke8 67. Ke6 Bg5 68. Rg7 Kd8 1-0

[Event "Madrid ch Veteranos 2021"]
[Site "Madrid ESP"]
[Date "2021.04.07"]
[Round "2.6"]
[White "Perales Hernandez, Manuel"]
[Black "Garcia Martin, Esteban"]
[Result "0-1"]
[WhiteElo "1337"]
[BlackElo "1891"]
[PlyCount "118"]
[EventDate "2021.04.06"]
[EventType "swiss"]
[EventRounds "7"]
[EventCountry "ESP"]
[SourceTitle "Ajedrez en Madrid"]
[Source "lmi"]
[SourceDate "2021.04.06"]
[SourceVersion "1"]
[SourceVersionDate "2021.04.18"]
[SourceQuality "1"]

1. e4 c5 2. Nf3 d6 3. h3 g6 4. Bc4 Nc6 5. c3 Nf6 6. d3 Bg7 7. Bg5 O-O 8. a3 a6
9. a4 Rb8 10. Na3 Na5 11. Ba2 b5 12. b4 cxb4 13. cxb4 Nc6 14. Bd2 bxa4 15. Rb1
Bd7 16. Bc4 Qc8 17. b5 axb5 18. Bxb5 Na7 19. Bxa4 Qa6 20. Bxd7 Qxa3 21. Rxb8
Rxb8 22. Bc1 Qa5+ 23. Bd2 Qa2 24. Ba4 Rb1 25. Bc1 Rxc1 26. Qxc1 Qxa4 27. O-O
Nb5 28. Qc4 Qxc4 29. dxc4 Na3 30. Nd2 Nd7 31. f4 Bd4+ 32. Kh2 Nb6 33. Nb3 Bf6
34. c5 dxc5 35. Nxc5 e5 36. g3 Nac4 37. Kg2 Ne3+ 38. Kf2 Nxf1 39. Kxf1 exf4 40.
gxf4 Bd4 41. Nd3 Nc4 42. Ke2 f6 43. Nb4 Bg1 44. Nd5 Kf7 45. Kd3 Nb6 46. Nxb6
Bxb6 47. Kc4 Ke6 48. h4 Be3 49. f5+ gxf5 50. Kd3 f4 51. Ke2 h5 52. Kf3 Ke5 53.
Kg2 Kxe4 54. Kf1 Kd3 55. Kg2 Ke2 56. Kh3 f3 57. Kg3 f2 58. Kh2 Bf4+ 59. Kh3
f1=Q# 0-1